000 00898cam a2200289I 4500
001 37768
005 20230410130730.0
008 920914s1969 ve 000 0 spa
010 _a 76503798
035 _a(OCoLC)ocm26597182
040 _aDLC
_cCUY
_dOCLCQ
025 _aLACAP70-1290
035 _a(OCoLC)26597182
043 _as-ve---
050 1 4 _aPN 5104
_bD539 1969
082 0 0 _a079.87
049 _aGRAL
245 1 4 _aLos Diarios de Caracas :
_b1837-1967 /
_ccoloquios de la A. V. P.
260 _aCaracas :
_bAsociación Venezolana de Periodistas,
_c1969.
300 _a79 p. ;
_c18 cm.
500 _aPrograms televised by Venevision, July 3, 10, and 17, 1969.
650 0 _aVenezuelan newspapers
_zVenezuela
_zCaracas
_xHistory.
650 4 _aPeriódicos venezolanos
_xHistoria.
710 2 _aAsociación Venezolana de Periodistas.
942 _2lcc
_cbk
994 _aC0
_bLTN
999 _c79426
_d79426